|
|
|
|
| LEADER |
01000caa a2200265 c 4500 |
| 001 |
1663219699 |
| 003 |
DE-627 |
| 005 |
20231219131647.0 |
| 007 |
tu |
| 008 |
190415s2018 xx ||||| o 00| ||ger c |
| 035 |
|
|
|a (DE-627)1663219699
|
| 035 |
|
|
|a (DE-599)KXP1663219699
|
| 040 |
|
|
|a DE-627
|b ger
|c DE-627
|e rda
|
| 041 |
|
|
|a ger
|
| 084 |
|
|
|a 1
|2 ssgn
|
| 100 |
1 |
|
|a Lies, Jan Martin
|d 1977-
|e verfasserin
|0 (DE-588)1033421456
|0 (DE-627)74119967X
|0 (DE-576)259318302
|4 aut
|
| 245 |
1 |
0 |
|a [Rezension von: Schmalz, Björn, 1982-, Die Glaubenswelt Friedrich Heinrich von Seckendorffs]
|
| 264 |
|
1 |
|c 2018
|
| 336 |
|
|
|a Text
|b txt
|2 rdacontent
|
| 337 |
|
|
|a ohne Hilfsmittel zu benutzen
|b n
|2 rdamedia
|
| 338 |
|
|
|a Band
|b nc
|2 rdacarrier
|
| 655 |
|
7 |
|a Rezension
|0 (DE-588)4049712-4
|0 (DE-627)106186019
|0 (DE-576)209083166
|2 gnd-content
|
| 700 |
1 |
|
|a Schmalz, Björn
|d 1982-
|e verfasserin des bezugswerks
|0 (DE-588)139789081
|0 (DE-627)613105036
|0 (DE-576)313111510
|4 ant
|
| 773 |
0 |
8 |
|i Enthalten in
|t Zeitschrift für Kirchengeschichte
|d Stuttgart : Kohlhammer, 1877
|g 129(2018), 2, Seite 269-270
|w (DE-627)129474002
|w (DE-600)202987-X
|w (DE-576)014851822
|x 0044-2925
|7 nnas
|
| 773 |
1 |
8 |
|g volume:129
|g year:2018
|g number:2
|g pages:269-270
|
| 787 |
0 |
8 |
|i Rezension von
|a Schmalz, Björn, 1982 -
|t Die Glaubenswelt Friedrich Heinrich von Seckendorffs
|d [Wiesbaden] : Harrassowitz Verlag in Kommission, 2017
|h VIII, 500 Seiten
|w (DE-627)894986244
|w (DE-576)492871957
|z 9783447108805
|
| 912 |
|
|
|a GBV_USEFLAG_U
|
| 912 |
|
|
|a GBV_ILN_123
|
| 912 |
|
|
|a ISIL_DE-Ha33
|
| 912 |
|
|
|a SYSFLAG_1
|
| 912 |
|
|
|a GBV_KXP
|
| 912 |
|
|
|a GBV_ILN_11
|
| 912 |
|
|
|a GBV_ILN_20
|
| 912 |
|
|
|a GBV_ILN_21
|
| 912 |
|
|
|a GBV_ILN_22
|
| 912 |
|
|
|a GBV_ILN_24
|
| 912 |
|
|
|a GBV_ILN_31
|
| 912 |
|
|
|a GBV_ILN_39
|
| 912 |
|
|
|a GBV_ILN_40
|
| 912 |
|
|
|a GBV_ILN_50
|
| 912 |
|
|
|a GBV_ILN_60
|
| 912 |
|
|
|a GBV_ILN_62
|
| 912 |
|
|
|a GBV_ILN_65
|
| 912 |
|
|
|a GBV_ILN_69
|
| 912 |
|
|
|a GBV_ILN_72
|
| 912 |
|
|
|a GBV_ILN_92
|
| 912 |
|
|
|a GBV_ILN_120
|
| 912 |
|
|
|a GBV_ILN_130
|
| 912 |
|
|
|a GBV_ILN_131
|
| 912 |
|
|
|a GBV_ILN_176
|
| 912 |
|
|
|a GBV_ILN_193
|
| 912 |
|
|
|a GBV_ILN_206
|
| 912 |
|
|
|a GBV_ILN_217
|
| 912 |
|
|
|a GBV_ILN_227
|
| 912 |
|
|
|a GBV_ILN_255
|
| 912 |
|
|
|a GBV_ILN_285
|
| 912 |
|
|
|a GBV_ILN_341
|
| 912 |
|
|
|a GBV_ILN_350
|
| 912 |
|
|
|a GBV_ILN_791
|
| 912 |
|
|
|a GBV_ILN_807
|
| 912 |
|
|
|a GBV_ILN_2002
|
| 912 |
|
|
|a GBV_ILN_2004
|
| 912 |
|
|
|a GBV_ILN_2005
|
| 912 |
|
|
|a GBV_ILN_2006
|
| 912 |
|
|
|a GBV_ILN_2007
|
| 912 |
|
|
|a GBV_ILN_2008
|
| 912 |
|
|
|a GBV_ILN_2010
|
| 912 |
|
|
|a GBV_ILN_2011
|
| 912 |
|
|
|a GBV_ILN_2012
|
| 912 |
|
|
|a GBV_ILN_2015
|
| 912 |
|
|
|a GBV_ILN_2018
|
| 912 |
|
|
|a GBV_ILN_2020
|
| 912 |
|
|
|a GBV_ILN_2032
|
| 912 |
|
|
|a GBV_ILN_2036
|
| 912 |
|
|
|a GBV_ILN_2046
|
| 912 |
|
|
|a GBV_ILN_2056
|
| 912 |
|
|
|a GBV_ILN_2067
|
| 912 |
|
|
|a GBV_ILN_2227
|
| 912 |
|
|
|a GBV_ILN_2505
|
| 912 |
|
|
|a GBV_ILN_2579
|
| 912 |
|
|
|a GBV_ILN_4012
|
| 912 |
|
|
|a GBV_ILN_4027
|
| 912 |
|
|
|a GBV_ILN_4028
|
| 912 |
|
|
|a GBV_ILN_4029
|
| 912 |
|
|
|a GBV_ILN_4035
|
| 912 |
|
|
|a GBV_ILN_4046
|
| 912 |
|
|
|a GBV_ILN_4082
|
| 912 |
|
|
|a GBV_ILN_4103
|
| 912 |
|
|
|a GBV_ILN_4112
|
| 912 |
|
|
|a GBV_ILN_4116
|
| 912 |
|
|
|a GBV_ILN_4125
|
| 912 |
|
|
|a GBV_ILN_4126
|
| 912 |
|
|
|a GBV_ILN_4193
|
| 912 |
|
|
|a GBV_ILN_4246
|
| 912 |
|
|
|a GBV_ILN_4251
|
| 912 |
|
|
|a GBV_ILN_4253
|
| 912 |
|
|
|a GBV_ILN_4302
|
| 912 |
|
|
|a GBV_ILN_4305
|
| 912 |
|
|
|a GBV_ILN_4306
|
| 912 |
|
|
|a GBV_ILN_4310
|
| 912 |
|
|
|a GBV_ILN_4314
|
| 912 |
|
|
|a GBV_ILN_4315
|
| 912 |
|
|
|a GBV_ILN_4316
|
| 912 |
|
|
|a GBV_ILN_4317
|
| 912 |
|
|
|a GBV_ILN_4318
|
| 912 |
|
|
|a GBV_ILN_4320
|
| 912 |
|
|
|a GBV_ILN_4321
|
| 912 |
|
|
|a GBV_ILN_4322
|
| 912 |
|
|
|a GBV_ILN_4323
|
| 912 |
|
|
|a GBV_ILN_4324
|
| 912 |
|
|
|a GBV_ILN_4325
|
| 912 |
|
|
|a GBV_ILN_4326
|
| 912 |
|
|
|a GBV_ILN_4385
|
| 912 |
|
|
|a GBV_ILN_2019
|
| 912 |
|
|
|a GBV_ILN_2019
|
| 912 |
|
|
|a ISIL_DE-Tue135
|
| 912 |
|
|
|a GBV_ILN_2036
|
| 912 |
|
|
|a ISIL_DE-Stg117
|
| 935 |
|
|
|a FRST
|a mteo
|
| 951 |
|
|
|a AR
|
| 952 |
|
|
|d 129
|j 2018
|e 2
|h 269-270
|
| 980 |
|
|
|2 123
|1 01
|x 3311
|b 3421768676
|y zap
|z 15-04-19
|
| 980 |
|
|
|2 2019
|1 01
|x DE-Tü135
|b 4440905382
|c 00
|f --%%--
|d --%%--
|e --%%--
|j n
|y l01
|z 19-12-23
|
| 980 |
|
|
|2 2036
|1 01
|x DE-Stg117
|b 4497945456
|c 00
|f --%%--
|d --%%--
|e --%%--
|j --%%--
|y l01
|z 08-03-24
|